000
002450000a22000970004500
100
1
_a
Luzarraga, Jesús
245
1
0
_a
El cilantro en 4qcant 4,16b
300
_a
vol. 60, núm 1 (20029, Páginas 107-123
773
0
_t
Estudios Bíblicos
942
_c
ANA
999
_c
50351
_d
50351